المحيط في شرح مسائل الأحوال الشخصية : (رقم التسجيلة. 80019)

تفاصيل مارك
000 -الفاتح
عناصر البيانات ثابتة الطول 00831cam a2200193 i 4500
005 - تاريخ ووقت آخر معاملة
حقل ضبط 20260125120419.0
008 - عناصر البيانات ثابتة الطول
عناصر البيانات ثابتة الطول 250721s2001 ua gr 000 0 ara d
082 14 - رقم تصنيف ديوي العشري
رقم التصنيف 346.01
رقم المادة م ن ص
100 1# - مدخل رئيسي – اسم شخصي
الاسم الشخصي منصور، حسن حسن
علاقة الشخص بالعمل/ دوره مؤلف.
245 12 - بيان العنوان
العنوان المحيط في شرح مسائل الأحوال الشخصية :
بقية العنوان التعليق على القانون رقم 1 لسنة 2000 باجراءات التقاضي في مسائل الأحوال الشخصية /
بيان المسؤولية المستشار حسن حسن منصور.
264 31 - بيانات النشر، التوزيع…إلخ
مكان النشر، التوزيع...إلخ القاهرة :
اسم الناشر، الموزع...إلخ [غير معرف]،
تاريخ النشر، التوزيع...إلخ 2001.
300 ## - الوصف المادي
عدد الوحدات المكونة للوعاء المجلد الثالث.
650 17 - مدخل إضافي بالموضوع - مصطلح موضوعي
مصطلح موضوعي أو اسم جغرافي كعنصر مدخل قانون الأحوال الشخصية.
650 17 - مدخل إضافي بالموضوع - مصطلح موضوعي
مصطلح موضوعي أو اسم جغرافي كعنصر مدخل الزواج.
650 17 - مدخل إضافي بالموضوع - مصطلح موضوعي
مصطلح موضوعي أو اسم جغرافي كعنصر مدخل الطلاق.
650 17 - مدخل إضافي بالموضوع - مصطلح موضوعي
مصطلح موضوعي أو اسم جغرافي كعنصر مدخل قانون الأسرة.
942 ## - بيانات إضافية (كوها)
نوع التنصيف Dewey Decimal Classification
نوع المادة (كوها) كتب
المقتنيات
حالة السحب حالة الفقدان مصدر التصنيف حالة التلف غير قابل للإعارة المكتبة الرئيسية المكتبة الحالية موقع الرف تاريخ التزويد الرقم المتسلسل Total Checkouts رقم الإستدعاء الباركود تاريخ آخر ظهور تاريخ الفاتورة نوع المادة (كوها)
    Dewey Decimal Classification     المكتبة المركزية المكتبة المركزية الإعارة 28/07/2025 1625959   346.01 / م ن ص PLD00388681 28/07/2025 28/07/2025 كتب
Implemented & Customized by: BBB with SCIT (Smart Chains for Information Technology)

Powered by Koha